Представление документа в формате RUSMARC

ПолеНазваниеЗначение
  Тип записи a
  Библиографический уровень m
001 Контрольный номер RU/REG73/CBS_GRAD/463ad28567354841966689bfd36f934a
005 Дата корректировки 20260323141417.5
010 Индекс ISBN __
a ISBN 978-5-7793-0123-7
b Уточнения в пер.
9 Тираж 4000 экз.
100 Данные общей обработки __
a Данные общей обработки 20260323d2008 d y0rusy0189## ca
101 Язык документа 0_
a Язык текста rus
102 Страна публикации __
a Страна публикации RU
105 Кодированные данные (монография) __
a Кодированные данные (монография) a z 000yy
200 Заглавие и сведения об ответственности 1_
a Заглавие Война 1812 года
f Первые сведения об ответственности Юрий Николаевич Лубченков
g Последующие сведения об ответственности художник А. Чаузов
g Последующие сведения об ответственности редактор Л. Жукова
203 Вид содержания и тип средства __
a Вид содержания Текст
b Характеристика содержания визуальный
c Тип средства непосредственный
210 Выходные данные 1_
a Место издания Москва
c Издательство Белый город
d Дата издания 2008
215 Физическое описание __
a Объем 48 с.
c Иллюстрации/тип воспроизводства ил.
d Формат 27 см
225 Серия 1_
a Серия История России
327 Примечание о содержании 01
a Примечание о содержании Содерж.: рассказы о борьбе русских людей с армией Наполеона, о знаменитых полководцах и забытых героях
333 Примечание о целевом назначении __
a Примечание о целевом назначении 12+
606 Тематические рубрики 0_
a Основная рубрика История России и СССР
x Основная подрубрика Отечественная война 1812 г.
610 Ключевые слова 0_
a Ключевые слова знаменитые полководцы
610 Ключевые слова 0_
a Ключевые слова разгром Наполеона
610 Ключевые слова 0_
a Ключевые слова защитники Отечества
610 Ключевые слова 0_
a Ключевые слова русские военачальники
610 Ключевые слова 0_
a Ключевые слова Отечественная война 1812 г.
686 Индексы других классификаций __
a Классификационный индекс 63.3(2)47
2 Код системы rubbk
700 Автор _1
a Фамилия Лубченков
b Имя (инициалы) Ю. Н.
g Полное личное имя Юрий Николаевич
702 Вторичная интеллектуальная ответственность _1
a Фамилия Чаузов
b Имя (инициалы) А. И.
g Полное личное имя Александр Иванович
4 Код отношения 040
702 Вторичная интеллектуальная ответственность _1
a Фамилия Жукова
b Имя (инициалы) Л.
4 Код отношения 340
801 Источник записи _0
a Страна RU
b Организация RuCBSGrad
c Дата составления 20260323
g Правила каталогизации RCR
801 Источник записи _1
a Страна RU
b Организация RuCBSGrad
c Дата составления 20260323
g Правила каталогизации RCR
852 Данные о местонахождении __
a Наименование организации МБУК "ЦБС г.Димитровграда"
i Авторский знак Л 82
z Тип записи R
901 Тип документа __
t Тип документа m
909 Создатель записи __
a Создатель записи Гонюкова
b Дата создания записи 20260323